Central Library OPAC University of Rajshahi

Democratic ideals and reality : (Record no. 45400)

MARC details
000 -LEADER
fixed length control field 00868nam a2200277 a 4500
001 - CONTROL NUMBER
control field 45400
003 - CONTROL NUMBER IDENTIFIER
rucl marc code BD-RjUL
005 - DATE AND TIME OF LATEST TRANSACTION
control field 20211209054016.0
008 - FIXED-LENGTH DATA ELEMENTS--GENERAL INFORMATION
fixed length control field 160726s1944 enk 001 0 eng d
035 ## - SYSTEM CONTROL NUMBER
System control number (BD-RjUL)45518
040 ## - CATALOGING SOURCE
Original cataloging agency BD-RjUL
Language of cataloging eng
Transcribing agency BD-RjUL
Modifying agency BD-RjUL
041 ## - LANGUAGE CODE
Language code of text/sound track or separate title eng
082 ## - DEWEY DECIMAL CLASSIFICATION NUMBER
Edition number 23
Classification number 940.314
Author mark and year MAD 1944
100 1# - MAIN ENTRY--PERSONAL NAME
Personal name Mackinder, Halford John,
Dates associated with a name 1861-1947.
9 (RLIN) 139005
245 10 - TITLE STATEMENT
Title Democratic ideals and reality :
Remainder of title a study in the politics of reconstruction /
Statement of responsibility, etc. H. J. Mackinder.
260 ## - PUBLICATION, DISTRIBUTION, ETC. (IMPRINT)
Place of publication, distribution, etc. Harmondsworth :
Name of publisher, distributor, etc. Penguin Books,
Date of publication, distribution, etc. 1944
300 ## - PHYSICAL DESCRIPTION
Pagination x, 155 p. :
Illustrations ill. ;
Size 19 cm.
490 ## - SERIES STATEMENT
Series statement Pelican books
500 ## - GENERAL NOTE
General note Includes index.
650 #0 - SUBJECT ADDED ENTRY--TOPICAL TERM
Topical term or geographic name as entry element Sociology.
9 (RLIN) 139006
Topical term or geographic name as entry element World politics.
9 (RLIN) 139007
Topical term or geographic name as entry element Geography.
9 (RLIN) 139008
Topical term or geographic name as entry element World War, 1914-1918
General subdivision Peace.
9 (RLIN) 139009
830 #0 - SERIES ADDED ENTRY--UNIFORM TITLE
Uniform title Pelican books
942 ## - ADDED ENTRY ELEMENTS (KOHA)
Source of classification or shelving scheme Dewey Decimal Classification
Koha item type Books
Holdings
Lost status Source of classification or shelving scheme Damaged status Not for loan Collection code Permanent Location Current Location Shelving location Date acquired Source of acquisition Cost, normal purchase price Total Checkouts Full call number Date last seen Copy number Koha item type
  Dewey Decimal Classification     Non-fiction Central Library, University of Rajshahi Central Library, University of Rajshahi   08/03/1956 B. H. Blackwell 0.00   940.314 MAD 1944 26/07/2016 C-2 Books